Quizzes
Events
Quiz Creation
Community
Videos
Private Events
Remove Ads
Sign In
Join for FREE
Feedback
Dark Mode
Quiz Categories
Sports
Geography
Music
Movies
Television
Just For Fun
Miscellaneous
History
Literature
Language
Science
Gaming
Entertainment
Religion
Holiday
For Kids
Quiz Lab
Recent
Popular Today
Quiz Kudos Today
Editor Picks
Curator Picks
Quizzes by...
Day
Popularity
Type
Ratings
Length
Year
Community
Subscriptions
Recent Discussions
Orange Saloon
Badges
Playlists
Quests
Create
Leaderboards
Showdown
Live 5
Trivia Bingo
Activity
Puzzle Library
Sporcle Events
Private Events
Virtual Trivia
Globe League
Become a Host
Pub Owners
SporcleCon
Opinionation
Our Games
Videos
Blog
Mobile Apps
Partnerships
Remove Ads and Go Orange
Feedback
Just For Fun
Clickable
Get the Picture
Humor
Quick Pick
Word Ladder
Missing Word
Mixed Word
Blitz
Minefield
This or That
Alphabet
Color
Typing
Sporcle
Puzzle
Word Play
Follow That Line
Logic
Just For Fun
Clickable
Get the Picture
Humor
Quick Pick
Word Ladder
Missing Word
Mixed Word
Blitz
Minefield
This or That
Alphabet
Color
Typing
Sporcle
Puzzle
Word Play
Follow That Line
Logic
Random Quiz
Search Sporcle
×
Quiz Lab
Quiz Lab
Just For Fun
Type in answers that appear in a list
Type in answers that appear in a list
Classic
Best Score? Go Orange.
Most Popular YouTube Searches by Letter Stats
Can you name the most popular youtube searches by each letter?
By
CoolerKing
10m
26 Questions
115 Plays
115 Plays
115 Plays
Comments
Comments
Give Quiz Kudos
Give Quiz Kudos
-
- Ratings
hide this ad
Replay
Link that replays current quiz
Next Quiz
Link to next quiz in quiz playlist
You Got
0%
They Got
Avg Score
12%
Avg Friend Score
Upgrade to see
Score Distribution
Jump to the score distribution portion of the page
Score
0/26
Timer
10:00
0
Plays Today
Letter
Search
% Correct
J
justin bieber
55.7%
B
baby justin bieber
39.1%
L
lady gaga
39.1%
R
rihanna
27%
K
katy perry
21.7%
M
michael jackson
20%
E
eminem
15.7%
Q
queen
13.9%
U
usher
10.4%
D
drake
9.6%
S
shakira waka waka
6.1%
F
funny video
5.2%
G
glee
5.2%
Letter
Search
% Correct
P
paramore
5.2%
W
waka waka
5.2%
X
xbox 360
5.2%
Z
zombie
5.2%
A
alejandro lady gaga
4.3%
H
hey soul sister
4.3%
N
not afraid eminem
4.3%
C
california gurls katy perry
3.5%
I
i like it enrique iglesias
3.5%
O
omg usher
3.5%
T
teach me how to dougie
3.5%
V
vanessa hudgens
3.5%
Y
your love is my drug
3.5%
Quiz Playlist
Details
Report
Send in Message
Add To Playlist
Classic:
Type in answers that appear in a list
Last Updated: Feb 16, 2017
Quiz Scoreboard
CHALLENGE
Sign Up to Join the Scoreboard
Show All
Scores
Hide
Comments
May contain spoilers
Recently Published
Alphabetical 'K' Countries by Flag Minefield
by ylime102
Geography
3m
Pick 6: Fruits
by JohnFran
Miscellaneous
15s
Click the 1999 NBA Draft
by nibperrychub
Sports
2m
More to Explore
Quiz From the Vault
Featured Blog Post
15 Basketball Trivia Facts You Can Be March Mad About
hide this ad
You Might Also Like...
Tags
This quiz does not have any tags.
Today's Top Quizzes in Just For Fun
Browse Just For Fun
hide this ad
Top Contributed Quizzes in Just For Fun
1
Pick 6: Letters
2
Seasons
3
Pick 6: Foods
4
Pick 6: Colors
5
Quick Pick: Spring Things
6
Just Another 1-25 Logic Puzzle
7
Four Seasons
8
Disney/Pixar Logic Puzzle
9
Reverse Eye-Numbing Numbers
10
LogiCrossword: Seasons of Year
Explore More
Trending Topics
Disney
Kpop
Marvel
Anime
Harry Potter
NBA
Crossword
The Office
Pokémon
NFL
Soccer
Puzzle
Country
Song
WWE
hide this ad
More By:
CoolerKing
Quiz
Plays
Rating
Category
Featured
Created
SI's Top 32 Greatest Running Backs
6,991
3.62
Sports
Aug 13, 2010
Bart Simpson's Crank Calls to Moe
1,576
4.53
Television
Feb 1, 2010
SI's Top 32 Greatest Recievers
1,269
3.33
Sports
Aug 20, 2010
2008 Redeem Team
1,185
3.00
Sports
Jun 12, 2010
Sports Illustrated's Most Hated Teams
611
4.00
Sports
Jul 28, 2010
Go to Creator's Profile
Score Distribution
Quiz Creator Spotlight
CoolerKing
Follow
Send a Message
Quizzes Created
-
Created Quiz Play Count
-
More By This Creator
Popular Quizzes Today
1
Find the US States - No Outlines Minefield
2
Countries of Asia Without Outlines Minefield
3
Pick 6: Fruits
4
The Countries of the World
5
Alphabetical 'K' Countries by Flag Minefield
6
Find the US States
7
Click the 1999 NBA Draft
8
Match the Book to the Film X
More Just For Fun Quizzes
Missing Word: Will Smith
Published
Trending Quizzes
Pick 6: Harry Potter
Pick 6: Mountains
Pick 6: NFL Teams
Pick 6: Movie Franchises
Pick 6: Golfers
Recently Updated
Women's Final Four Teams by Year
bhenderson79
Presidents Quartet II
eogle
Anything But Clue(do)
eogle
Anything But Oceanian Capitals
eogle
Anything But 7
eogle
Anything But Thing
eogle
Word Ladder: February 29
pecheneg
Song Title Questions
pecheneg
Women's NCAA Tournament #1 Seeds
pecheneg
Celebrity Mug Shots
pecheneg
Trending Topics
Anime
NBA
Disney
Kpop
Crossword
Marvel
Harry Potter
Soccer
WWE
NFL
Pokémon
Country
Puzzle
Song
The Office
Your Account Isn't Verified!
In order to create a playlist on Sporcle, you need to verify the email address you used during registration. Go to your
Sporcle Settings
to finish the process.
Report this User
Report this user for behavior that violates our
Community Guidelines
.
Details:
Send Report
Go to the Sporcle.com Mobile Site →
Comments